000
nam a22 7a 4500
999
_c
235041
_d
235041
003
Nust
005
20170405123210.0
008
170405b xxu||||| |||| 00| 0 eng d
020
_a
9788178847160
040
_c
DLC
082
_a
333.9104 NOO
100
_4
Noor, M.
245
_a
Exploitation of Groundwater and their Effects
942
_2
ddc
_c
BK